000 00805nam a22001817a 4500
003 NUST
020 _a9781098125974
082 _a006.31,GER
100 _aGeron, Aurelien
_934963
245 _aHands-On Machine Learning with Scikit-Learn, Keras, and TensorFlow :
_bConcepts, Tools, and Techniques to Build Intelligent Systems /
_cAurelien Geron
250 _a3rd edition
260 _aBeijing [China] ;
_bSebastopol, CA : O'Reilly Media, Inc.,
_c 2023
300 _axxv, 834 pages : illustrations (some color) ; 24 cm
505 _aPart. I The Fundamentals of Machine Learning (Page-3), Part. II Neural Networks and Deep Learning (Page-299).
650 _aTensorFlow | Python (Computer program language)
_9133521
651 _aMachine learning | Artificial intelligence
_9133522
942 _2ddc
_cREF
999 _c616478
_d616478